Statistics for Countries with More Cows than Chickens

Click here to take the quiz!

General Stats

  • This quiz has been taken 17 times
  • The average score is 3 of 8

Answer Stats

Number of Cows
more than Chickens
Country % Correct
2,760,000Mongolia
60%
1,100,000Botswana
40%
83,000Luxembourg
33%
1,300,000Somalia
33%
1,750,000Chad
27%
690,000Eritrea
27%
300,000Djibouti
20%
170,000Lesotho
13%

Score Distribution

Percentile by Number Answered

Percent of People with Each Score

Your Score History

You have not taken this quiz